000 00720nam a2200241Ia 4500
003 OSt
005 20221005112944.0
006 a|||||r|||| 00| 0
007 ta
008 221004b |||||||| |||| 00| 0 pan d
020 _a8175991968 (hbk)
024 _a103124
037 _cTextual
040 _aCRL
_cCRL
_bpan
041 _2pan
_apan
082 _aV2:51xN09w, 153P0
100 _aਚਮਨ ਲਾਲ
245 0 _aਭਗਤ ਸਿੰਘ
_b ਵਿਚਾਰਵਾਨ ਇਨਕਲਾਬੀ
260 _aਦਿੱਲੀ
_bਨਵਯੁਗ ਭਾਰਤ
_c2000
300 _a311ਪੰ
_ccm.
942 _hV2:51xN09w, 153P0
_cTEXL
_2cc
999 _c1026555
_d1026555